000 00519nam a2200181Ia 4500
008 151202s9999||||xx |||||||||||||| ||und||
082 _bPNVM-27740
100 _aचितळे बाळ.
245 _aवैमानिक गूढकथा.
260 _b---
260 _c0
300 _a0
600 _aचितळे बाळ.
630 _aवैमानिक गूढकथा.
700 _aचितळे बाळ.
730 _aवैमानिक गूढकथा.
942 _cBOOK
999 _c1293709
_d1293706